Jumping Around Geography #3 - Statistics

General Stats
  • This quiz has been taken 50 times
  • The average score is 20 of 26
Answer Stats
# Hint Answer % Correct
G U without Northern Ireland Great Britain
100%
U England, Scotland, Wales, and Northern Ireland United Kingdom
100%
N Most populated country in Africa Nigeria
98%
I Most populated Island country Indonesia
95%
L Capital of U London
95%
M Country closest to Singapore Malaysia
95%
E Country named after a line of Latitude Ecuador
93%
V Country bordering C Venezuela
91%
R Country bordering D Rwanda
88%
O Most important export of V Oil
86%
P Capital of country F Paris
84%
T River in L Thames
84%
C Bordering country of E Colombia
81%
D Biggest country in Sub-Saharan Africa Democratic Republic of the Congo
81%
F Look at P to find out France
81%
J Island which holds the capital of I Java
79%
S River in P Seine
79%
B Island of I and M Borneo
77%
A Capital of N Abuja
74%
Q Capital of E Quito
74%
H Ethnic group in R Hutu
60%
K Capital of R Kigali
60%
Y Currency of X Yuan
53%
W Region of Morocco Western Sahara
44%
Z Religion invented in Persia Zoroastrianism
23%
X Biggest subdivision in Asia (excluding Russia) Xinjiang Uygur
16%
No matching quizzes found
Score Distribution
Percent of People with Each Score
Percentile by Number Answered
Your Score History
You have not taken this quiz